000 01392 a2200265 4500
003 OSt
005 20260303111853.0
008 260227b |||||||| |||| 00| 0 eng d
020 _a9789389329407 (Set) (hbk)
037 _cREF
040 _aCRL
_cCRL
041 _2hin
_ahin
_hsan
084 _aO15,2D35x 152R5.1-.3
_qCRL
245 _aभास नाट्य - ग्रंथावली
260 _aदिल्ली, भारत:
_bचौखंभा ओरियन्टालिया,
_c2025.
300 _aभाग 1 (1-446पृ.), भाग 2 (1-530पृ.), भाग 3 (1-354पृ.)
365 _b3000.00
_cINR
490 _aगोकुलदास संस्कृत ग्रंथमाला. 226
650 _2संस्कृत साहित्य
650 _2संस्कृत नाटक
700 _aशास्त्री, राकेश
_eसम्पादक
700 _aशास्त्री, राकेश
_eअनुवादक
942 _cREF
_2CC
_hO15,2D35x 152R5.1-.3
999 _c1464274
_d1464274